Spirit of God (Record no. 153)

MARC details
000 -LEADER
fixed length control field 00561nam a2200241 a 4500
020 ## - INTERNATIONAL STANDARD BOOK NUMBER
ISBN
082 00 - DEWEY DECIMAL CLASSIFICATION NUMBER
Classification number 231.3
Author Cutter SCH
100 ## - MAIN ENTRY--AUTHOR NAME
Author name Schweizer, Edward
245 ## - TITLE STATEMENT
Title Spirit of God
260 ## - PUBLICATION, DISTRIBUTION, ETC. (IMPRINT)
Place of publication London
Name of publisher Adam and Charles Black
Year of publication 1960
300 ## - PHYSICAL DESCRIPTION
Number of Pages 119p
500 ## - GENERAL NOTE
General note includes index and biblioraphy
505 2# - FORMATTED CONTENTS NOTE
Formatted contents note Index
650 ## - SUBJECT ADDED ENTRY--TOPICAL TERM
Topical Term Holy Spirit
942 ## - ADDED ENTRY ELEMENTS (KOHA)
Koha item type Books
700 1# -
-- Schweizer, Edward
Holdings
Collection code Home library Current library Date acquired Cost, normal purchase price Full call number Accession Number Koha item type
  Henry Martyn Institute Library Henry Martyn Institute Library 06/15/2007 490.00 231.3 SCH 02543 Books
                   Copyright © 2026 | Henry Martyn Institute | Hyderabad | TS-500052 | INDIA | Implemented by hmi.edu.in
Hit-Count:

Powered by Koha